000 00658nam0a22002411 4500
001 rc\1151747
005 20250622201134.0
035 _a(NLR Aleph) 006397143
090 _a5207431
_c5207431
100 _a20041129d1980 |||y0rusy50 ca
101 0 _arus
102 _aRU
105 _aa |||||||||
200 1 _aСвет озарений
210 _aМ.
_cЗнание
_d1980
215 _a208 с.
_cил.
_d20
225 1 _aЖизнь замечательных идей
700 1 _aМороз
_bО.П.
_f1938-
_gОлег Павлович
801 0 _aRU
_bNLR
_gpsbo
801 1 _aRU
_bELAR
_2rusmarc
852 _aNLR
_j80-3/5401
942 _cBOOK
980 _aNB